000 00911nam a2200229Ii 4500
003 JO-AjNU
008 230605s9999||||xx |||||||||||||| ||und||
017 _a2008/10/3774
020 _a9957-16-489-8
040 _aJO-AjNU
_bara
_erda
_cJO-AjNU
041 _aara
050 1 4 _aK7126.A9874.2009
100 3 _a العيون ، قصي محمد,
_eauthor
_926790
245 0 0 _aشرح أحكام الجنسية بالإضافة إلى أحكام محكمة العدل العليا في مسائل الجنسية
250 _aط1
264 3 1 _aعمان : دار الثقافة ، 2009
300 _a240ص
_bيشتمل على قائمة المراجع الببلوغرافية ص ( 239 - 240 )
336 _atext
_btxt
_2rdacontent
337 _aunmediated
_bn
_2rdamedia
338 _avolume
_bnc
_2rdacarrier
650 4 _aقانون الجنسية -- الجنسية -- الحق في الجنسية
_926791
999 _aA10193
_c13761
_d13761